<?xml version="1.0" encoding="UTF-8"?>
<marc:record xmlns:marc="http://www.loc.gov/MARC21/slim">
   <marc:leader>00000nam a2200000 a 4500</marc:leader>
   <marc:datafield ind1="1" ind2=" " tag="100">
      <marc:subfield code="a">Heine, Helme</marc:subfield>
      <marc:subfield code="4">aut</marc:subfield>
      <marc:subfield code="e">Verfasser/-in</marc:subfield>
   </marc:datafield>
   <marc:datafield ind1=" " ind2=" " tag="653">
      <marc:subfield code="a">Bilderbuch</marc:subfield>
   </marc:datafield>
   <marc:datafield ind1=" " ind2=" " tag="653">
      <marc:subfield code="a">1. Klasse</marc:subfield>
   </marc:datafield>
   <marc:datafield ind1=" " ind2=" " tag="653">
      <marc:subfield code="a">Freundschaft</marc:subfield>
   </marc:datafield>
   <marc:datafield ind1=" " ind2=" " tag="653">
      <marc:subfield code="a">Anthologie</marc:subfield>
   </marc:datafield>
   <marc:datafield ind1="0" ind2="0" tag="245">
      <marc:subfield code="a">Freunde wie du und ich</marc:subfield>
   </marc:datafield>
   <marc:datafield ind1="0" ind2="0" tag="245">
      <marc:subfield code="b">die schönsten Heldengeschichten</marc:subfield>
   </marc:datafield>
   <marc:datafield ind1=" " ind2="1" tag="264">
      <marc:subfield code="a">Weinheim</marc:subfield>
      <marc:subfield code="b">Beltz und Gelberg</marc:subfield>
      <marc:subfield code="c">2007</marc:subfield>
   </marc:datafield>
   <marc:datafield ind1=" " ind2=" " tag="250">
      <marc:subfield code="a">1. Aufl.</marc:subfield>
   </marc:datafield>
   <marc:datafield ind1="1" ind2=" " tag="520">
      <marc:subfield code="a">Angaben aus der Verlagsmeldung ## ##  Freunde wie du und ich : Die schönsten Heldengeschichten. Mit vierfarbigen Bildern von Helme Heine / von Helme Heine ## #Die drei Freunde und all die anderen Figuren aus Helme Heines Bilderwelt sind aus der heutigen Kinderliteratur nicht mehr wegzudenken. Sie zeigen, wie man die Höhen und Tiefen des Lebens meistert und seinen ganz eigenen Platz in der Welt findet.#Dieser Band versammelt kürzere  bekannte und weniger bekannte  Bildergeschichten von Helme Heine und vier seiner großen Bilderbuchgeschichten. Geschichten von liebenswerten Helden  von mutigen, ängstlichen, traurigen, starken und schwachen, kleinen und großen.##Diese Bilderbücher sind in der Sonderausgabe enthalten:##· Der Rennwagen (Abenteuer aus der Freunde-Serie)#· Der Superhase (Auswahlliste zum Deutschen Jugendliteraturpreis)#· Richard (Deutscher Jugendliteraturpreis)#· Zehn freche Mäuse##Und diese Bildergeschichten:#· Die Flaschenpost#· Benjamin oder die Heldentat#· Der verrückte Bauernhof#· Ein Meister fiel vom Himmel#· Die Spinne#· Von den Großen und den Kleinen#· Mahlzeit</marc:subfield>
   </marc:datafield>
   <marc:datafield ind1=" " ind2=" " tag="020">
      <marc:subfield code="a">9783407799197</marc:subfield>
      <marc:subfield code="9">9783407799197</marc:subfield>
   </marc:datafield>
   <marc:datafield ind1=" " ind2=" " tag="041">
      <marc:subfield code="a">ger</marc:subfield>
   </marc:datafield>
   <marc:datafield ind1=" " ind2=" " tag="300">
      <marc:subfield code="a">167 S.</marc:subfield>
   </marc:datafield>
</marc:record>
